[Event "GER-chT U14"]
[Site "Lingen"]
[Date "2011.12.27"]
[Round "2.3"]
[White "Golosnyak, Alexander"]
[Black "Gressmann, Hanna"]
[Result "1-0"]
[WhiteElo "1781"]
[BlackElo "1327"]
[PlyCount "99"]
[EventDate "2011.12.27"]
[EventType "team-swiss"]
[EventRounds "7"]
[EventCountry "GER"]
[SourceTitle "EXT 2022"]
[Source "ChessBase"]
[SourceDate "2021.10.06"]
[SourceVersion "1"]
[SourceVersionDate "2021.10.06"]
[SourceQuality "1"]
[WhiteTeam "Brackel SF U14"]
[BlackTeam "Weissensee Chemie"]
[WhiteTeamCountry "GER"]
[BlackTeamCountry "GER"]

1. e4 e5 2. Nf3 Nc6 3. Bb5 a6 4. Ba4 Nf6 5. d4 exd4 6. e5 Ne4 7. 0-0 Be7 8. Re1 Nc5 9. Bxc6 dxc6 10. Qxd4 0-0 11. Nc3 Qxd4 12. Nxd4 Rd8 13. Be3 Ne6 14. Nf5 Bb4 15. Rad1 Bd7 16. Rd2 Be8 17. Red1 Bxc3 18. bxc3 g6 19. Ng3 b6 20. Ne4 Rxd2 21. Rxd2 h5 22. Nf6+ Kg7 23. f4 c5 24. f5 Nf8 25. fxg6 fxg6 26. g4 Rc8 27. gxh5 gxh5 28. Rg2+ Kf7 29. Bh6 Ne6 30. Nxh5 Ke7 31. Nf6 Bc6 32. Rd2 Rh8 33. Be3 Nd8 34. Bg5 Ke6 35. Re2 Nf7 36. Bf4 Rh4 37. Bg3 Rh6 38. h4 Rg6 39. Kh2 Rh6 40. Re3 Ng5 41. h5 Nf3+ 42. Kh3 Ng5+ 43. Kg4 Nf7 44. Bf4 Rh8 45. Rh3 Nxe5+ 46. Bxe5 Kxe5 47. Kg5 Ke6 48. Kg6 Ke5 49. Kg7 Rb8 50. h6 1-0

[Event "Dortmund Sparkassen op-B"]
[Site "Dortmund"]
[Date "2011.07.24"]
[Round "2"]
[White "Bausch, Thomas"]
[Black "Golosnyak, Alexander"]
[Result "1-0"]
[WhiteElo "1953"]
[BlackElo "1781"]
[PlyCount "95"]
[EventDate "2011.07.23"]
[EventType "swiss"]
[EventRounds "9"]
[EventCountry "GER"]
[SourceTitle "EXT 2013"]
[Source "ChessBase"]
[SourceDate "2012.11.22"]
[SourceVersion "1"]
[SourceVersionDate "2012.11.22"]
[SourceQuality "1"]

1. d4 b5 2. e4 Bb7 3. Bd3 Nf6 4. f3 a6 5. Be3 e6 6. Ne2 Be7 7. 0-0 d6 8. Nd2 c5 9. c3 Nc6 10. Qe1 Qd7 11. Bc2 Rc8 12. dxc5 dxc5 13. Nb3 c4 14. Nc5 Qc7 15. Qf2 0-0 16. Rad1 Rfd8 17. Nxb7 Qxb7 18. h3 Ne5 19. Qg3 Ng6 20. Qf2 Bd6 21. Rd4 e5 22. Rd2 Qe7 23. Ng3 Bc7 24. Rfd1 Rxd2 25. Rxd2 Rd8 26. Nf5 Qe8 27. Kf1 Rxd2 28. Qxd2 Ne7 29. Nxg7 Kxg7 30. Bh6+ Kh8 31. Qg5 Nh5 32. Qxh5 Ng6 33. Qf5 Qe6 34. Qxe6 fxe6 35. g3 Bd6 36. b3 Ne7 37. bxc4 bxc4 38. Bd1 Nc8 39. Be2 Nb6 40. Be3 Na4 41. Bxc4 Nxc3 42. Bxe6 Kg7 43. Bd2 Bb4 44. a3 Ba5 45. Bc8 Kf6 46. Bxa6 h5 47. h4 Kg6 48. Kg2 1-0

[Event "GER-ch Net qual4 U14"]
[Site "Playchess.com INT"]
[Date "2011.05.11"]
[Round "2"]
[White "Haeusler, Luis"]
[Black "Golosnyak, Alexander"]
[Result "1-0"]
[WhiteElo "1275"]
[BlackElo "1423"]
[PlyCount "55"]
[EventDate "2011.05.11"]
[EventType "swiss (blitz)"]
[EventRounds "7"]
[EventCountry "GER"]
[SourceTitle "CBM 142 Extra"]
[Source "ChessBase"]
[SourceDate "2011.06.27"]
[SourceVersion "1"]
[SourceVersionDate "2011.06.27"]
[SourceQuality "1"]

1. e4 e5 2. f4 exf4 3. Nf3 Nc6 4. d4 Nf6 5. Nc3 d6 6. Bxf4 Bg4 7. Bc4 Be7 8. 0-0 0-0 9. Kh1 Qd7 10. h3 Bh5 11. Qe2 Nxd4 12. Qf2 Nxf3 13. gxf3 Qxh3+ 14. Bh2 c6 15. Be2 b5 16. Rg1 Kh8 17. Rg3 Qe6 18. Rag1 Rg8 19. Qg2 Bg6 20. f4 b4 21. f5 Qd7 22. fxg6 fxg6 23. Nd1 d5 24. exd5 Nxd5 25. Rh3 Raf8 26. Rxh7+ Kxh7 27. Qxg6+ Kh8 28. Qh5# 1-0

[Event "GER-ch Net qual2 U14"]
[Site "Playchess.com INT"]
[Date "2011.05.04"]
[Round "1"]
[White "Golosnyak, Alexander"]
[Black "Bilchinski, Anton"]
[Result "1-0"]
[WhiteElo "1449"]
[BlackElo "1740"]
[PlyCount "71"]
[EventDate "2011.05.04"]
[EventType "swiss (blitz)"]
[EventRounds "7"]
[EventCountry "GER"]
[SourceTitle "CBM 142 Extra"]
[Source "ChessBase"]
[SourceDate "2011.06.27"]
[SourceVersion "1"]
[SourceVersionDate "2011.06.27"]
[SourceQuality "1"]

1. e4 g6 2. d4 Bg7 3. Nc3 d6 4. Be3 Nf6 5. f3 0-0 6. Qd2 Nc6 7. 0-0-0 a6 8. g4 e5 9. d5 Nd4 10. h4 b5 11. h5 Bd7 12. Bh6 c5 13. hxg6 fxg6 14. Bxg7 Kxg7 15. Qh6+ Kg8 16. g5 Nh5 17. Rxh5 gxh5 18. g6 Qe7 19. Bh3 Bxh3 20. Nxh3 Qg7 21. gxh7+ Qxh7 22. Qe6+ Qf7 23. Rg1+ Kh8 24. Qh6+ Qh7 25. Qxd6 Rg8 26. Qxe5+ Rg7 27. Ng5 Qh6 28. f4 Rf8 29. d6 b4 30. Nd5 Ne2+ 31. Kd1 Nxg1 32. Ne7 Nf3 33. Nxf3 Qxf4 34. Ng6+ Kh7 35. Nxf4 Rgf7 36. Ng5+ 1-0

[Event "GER-ch Net qual2 U14"]
[Site "Playchess.com INT"]
[Date "2011.05.04"]
[Round "4"]
[White "Golosnyak, Alexander"]
[Black "Meyers, Mark"]
[Result "0-1"]
[WhiteElo "1449"]
[BlackElo "1658"]
[PlyCount "40"]
[EventDate "2011.05.04"]
[EventType "swiss (blitz)"]
[EventRounds "7"]
[EventCountry "GER"]
[SourceTitle "CBM 142 Extra"]
[Source "ChessBase"]
[SourceDate "2011.06.27"]
[SourceVersion "1"]
[SourceVersionDate "2011.06.27"]
[SourceQuality "1"]

1. e4 c5 2. Nf3 Nc6 3. d4 cxd4 4. Nxd4 Nf6 5. Nc3 e6 6. Ndb5 Bc5 7. Bf4 0-0 8. Nd6 Qb6 9. Nc4 Bxf2+ 10. Ke2 Qd4 11. Qxd4 Bxd4 12. Bd6 Rd8 13. e5 Ne8 14. Ne4 Nxd6 15. exd6 b5 16. c3 bxc4 17. cxd4 Nxd4+ 18. Kd2 Bb7 19. Nc5 Bd5 20. Kc3 Nb5+ 0-1

[Event "GER-ch Net qual2 U14"]
[Site "Playchess.com INT"]
[Date "2011.05.04"]
[Round "2"]
[White "Koop, Thorben"]
[Black "Golosnyak, Alexander"]
[Result "1-0"]
[WhiteElo "1801"]
[BlackElo "1449"]
[PlyCount "69"]
[EventDate "2011.05.04"]
[EventType "swiss (blitz)"]
[EventRounds "7"]
[EventCountry "GER"]
[SourceTitle "CBM 142 Extra"]
[Source "ChessBase"]
[SourceDate "2011.06.27"]
[SourceVersion "1"]
[SourceVersionDate "2011.06.27"]
[SourceQuality "1"]

1. e4 e5 2. Nf3 Nc6 3. Bc4 Nf6 4. d3 Bc5 5. 0-0 d6 6. c3 h6 7. Nbd2 0-0 8. Re1 Bg4 9. Nf1 Qd7 10. Ng3 a6 11. Be3 b5 12. Bd5 Nxd5 13. exd5 Ne7 14. Bxc5 Bxf3 15. Qxf3 dxc5 16. Rxe5 f6 17. Re6 Nxd5 18. Rae1 c6 19. c4 Nb4 20. Re7 Qxd3 21. Qg4 Qh7 22. Nf5 Rf7 23. Rxf7 Kxf7 24. Re7+ Kf8 25. Rxg7 Qxf5 26. Qxf5 Kxg7 27. a3 Rd8 28. Qg4+ Kf7 29. axb4 cxb4 30. cxb5 axb5 31. h4 c5 32. Qh5+ Ke7 33. Qxc5+ Rd6 34. Qxb4 Ke6 35. Qxb5 1-0

[Event "Dortmund op-B"]
[Site "Dortmund"]
[Date "2009.07.11"]
[Round "8"]
[White "Golosnyak, Alexander"]
[Black "Lange, Hans Werner"]
[Result "1-0"]
[WhiteElo "1781"]
[BlackElo "1595"]
[PlyCount "66"]
[EventDate "2009.07.04"]
[EventType "swiss"]
[EventRounds "9"]
[EventCountry "GER"]
[SourceTitle "EXT 2012"]
[Source "ChessBase"]
[SourceDate "2011.11.24"]
[SourceVersion "1"]
[SourceVersionDate "2011.11.24"]
[SourceQuality "1"]

1. e4 b6 2. d4 Bb7 3. Nc3 g6 4. Be3 Bg7 5. Qd2 d6 6. f3 Ba6 7. Bxa6 Nxa6 8. Qd3 Nb8 9. h4 Nf6 10. g4 h5 11. g5 Nfd7 12. f4 Nc6 13. f5 e5 14. f6 Bf8 15. d5 Nb4 16. Qe2 Qc8 17. a3 Na6 18. Qc4 Ndb8 19. 0-0-0 c6 20. b4 Qd7 21. dxc6 Qd8 22. Nd5 Nc7 23. a4 Nxd5 24. exd5 Qc7 25. Ne2 a6 26. Kb2 b5 27. axb5 axb5 28. Qxb5 Bh6 29. gxh6 0-0 30. Ra1 Rxa1 31. Rxa1 Qc8 32. Ra8 Qh3 33. Rxb8 Rxb8 1-0

[Event "Dortmund op-B"]
[Site "Dortmund"]
[Date "2009.07.09"]
[Round "6"]
[White "Golosnyak, Alexander"]
[Black "Hlopotov, Nikita"]
[Result "1-0"]
[WhiteElo "1781"]
[BlackElo "1127"]
[PlyCount "31"]
[EventDate "2009.07.04"]
[EventType "swiss"]
[EventRounds "9"]
[EventCountry "GER"]
[SourceTitle "EXT 2012"]
[Source "ChessBase"]
[SourceDate "2011.11.24"]
[SourceVersion "1"]
[SourceVersionDate "2011.11.24"]
[SourceQuality "1"]

1. e4 e5 2. Nf3 Nc6 3. Bb5 a6 4. Ba4 Nf6 5. d4 exd4 6. 0-0 Bc5 7. e5 Ng4 8. h3 Ngxe5 9. Nxe5 Nxe5 10. Re1 Qe7 11. f4 0-0 12. Rxe5 d3+ 13. Kh1 Qh4 14. Rxc5 d6 15. Rh5 dxc2 16. Bxc2 1-0

[Event "GER-ch Net qual4 U14"]
[Site "Playchess.com INT"]
[Date "2009.06.17"]
[Round "1"]
[White "Bonk, Andras"]
[Black "Golosnyak, Alexander"]
[Result "0-1"]
[WhiteElo "1718"]
[BlackElo "1462"]
[PlyCount "55"]
[EventDate "2009.06.17"]
[EventType "swiss (blitz)"]
[EventRounds "7"]
[EventCountry "GER"]
[SourceTitle "CBM 130 Extra"]
[Source "ChessBase"]
[SourceDate "2009.07.02"]
[SourceVersion "2"]
[SourceVersionDate "2009.07.15"]
[SourceQuality "1"]

1. e4 e5 2. Nf3 Nf6 3. Nxe5 d6 4. Nf3 Nxe4 5. d3 Nf6 6. Nc3 Be7 7. Be2 0-0 8. 0-0 Nc6 9. Re1 Re8 10. d4 Bg4 11. h3 Bh5 12. d5 Bxf3 13. Bxf3 Ne5 14. Ne4 Nxf3+ 15. Qxf3 Nxe4 16. Rxe4 Bf6 17. Rg4 Re1+ 18. Kh2 Be5+ 19. g3 Qf6 20. Qg2 Qf5 21. Rc4 Re8 22. Rxc7 Bd4 23. c3 Bxf2 24. Bf4 Rxa1 25. Qxf2 g5 26. g4 Qxf4+ 27. Qxf4 gxf4 28. Rxb7 0-1

[Event "GER-ch Net qual4 U14"]
[Site "Playchess.com INT"]
[Date "2009.06.17"]
[Round "2"]
[White "Golosnyak, Alexander"]
[Black "Svane, Rasmus"]
[Result "0-1"]
[WhiteElo "1462"]
[BlackElo "2034"]
[PlyCount "56"]
[EventDate "2009.06.17"]
[EventType "swiss (blitz)"]
[EventRounds "7"]
[EventCountry "GER"]
[SourceTitle "CBM 130 Extra"]
[Source "ChessBase"]
[SourceDate "2009.07.02"]
[SourceVersion "2"]
[SourceVersionDate "2009.07.15"]
[SourceQuality "1"]

1. e4 c5 2. Nf3 Nc6 3. d4 cxd4 4. Nxd4 g6 5. Nc3 Bg7 6. Be3 Nf6 7. f3 0-0 8. Qd2 d5 9. 0-0-0 dxe4 10. fxe4 Bg4 11. Be2 Bxe2 12. Qxe2 Qa5 13. Qd2 Rfd8 14. Qe2 Ne5 15. Nb3 Qc7 16. Bf4 Nh5 17. Nd5 Nxf4 18. Nxf4 Nc4 19. Nd5 Qe5 20. Qxc4 Qxb2+ 21. Kd2 e6 22. Ke1 exd5 23. exd5 Rac8 24. Qd3 Rxc2 25. d6 Bc3+ 26. Kf1 Rf2+ 27. Kg1 Rxg2+ 28. Kf1 Qf2# 0-1

[Event "GER-ch Net qual4 U14"]
[Site "Playchess.com INT"]
[Date "2009.06.17"]
[Round "5"]
[White "Schaller, Fabian"]
[Black "Golosnyak, Alexander"]
[Result "0-1"]
[WhiteElo "1641"]
[BlackElo "1462"]
[PlyCount "68"]
[EventDate "2009.06.17"]
[EventType "swiss (blitz)"]
[EventRounds "7"]
[EventCountry "GER"]
[SourceTitle "CBM 130 Extra"]
[Source "ChessBase"]
[SourceDate "2009.07.02"]
[SourceVersion "2"]
[SourceVersionDate "2009.07.15"]
[SourceQuality "1"]

1. e4 e5 2. d4 exd4 3. Nf3 Nf6 4. e5 Ne4 5. Qxd4 d5 6. Bd3 Bc5 7. Qa4+ Bd7 8. Qb3 Nxf2 9. Rf1 Nxd3+ 10. cxd3 Be6 11. d4 Bb6 12. a4 Nc6 13. Bd2 a5 14. Nc3 0-0 15. Ne2 Qd7 16. Kf2 f6 17. exf6 Rxf6 18. Kg1 Bg4 19. Be3 Bxf3 20. Rxf3 Rxf3 21. gxf3 Qe6 22. Nf4 Qxe3+ 23. Qxe3 Bxd4 24. Qxd4 Nxd4 25. Kf2 c6 26. Re1 Rf8 27. Kg3 g5 28. Ne6 Re8 29. Nxd4 Rxe1 30. Nf5 Rb1 31. Nd6 Rxb2 32. Kg4 d4 33. Ne4 d3 34. Kg3 d2 0-1

[Event "GER-ch Net qual3 U14"]
[Site "Playchess.com INT"]
[Date "2009.05.17"]
[Round "3"]
[White "Golosnyak, Alexander"]
[Black "Barzen, Pascal"]
[Result "0-1"]
[WhiteElo "1462"]
[BlackElo "1868"]
[PlyCount "60"]
[EventDate "2009.05.17"]
[EventType "swiss (blitz)"]
[EventRounds "7"]
[EventCountry "GER"]
[SourceTitle "CBM 130 Extra"]
[Source "ChessBase"]
[SourceDate "2009.07.02"]
[SourceVersion "2"]
[SourceVersionDate "2009.07.15"]
[SourceQuality "1"]

1. e4 c6 2. Nf3 d5 3. Nc3 Bg4 4. d4 dxe4 5. Nxe4 Nd7 6. Be2 Ngf6 7. Nxf6+ Nxf6 8. h3 Bh5 9. Be3 e6 10. Qd2 Bd6 11. 0-0-0 Bg6 12. Ne5 Bxe5 13. dxe5 Nd5 14. Bf3 0-0 15. Bxd5 cxd5 16. h4 Rc8 17. c3 Qa5 18. a3 Rc4 19. f3 Rfc8 20. g4 Rxc3+ 21. bxc3 Qxa3+ 22. Qb2 Rxc3+ 23. Kd2 Qxb2+ 24. Ke1 Rxe3+ 25. Kf1 Qe2+ 26. Kg1 Qxd1+ 27. Kh2 Qxf3 28. Rc1 h5 29. gxh5 Qf2+ 30. Kh1 Be4# 0-1

[Event "GER-ch Net qual2 U14"]
[Site "Playchess.com INT"]
[Date "2009.05.13"]
[Round "5"]
[White "Golosnyak, Alexander"]
[Black "Bechler, Lukas"]
[Result "1-0"]
[WhiteElo "1462"]
[BlackElo "1319"]
[PlyCount "75"]
[EventDate "2009.05.13"]
[EventType "swiss (blitz)"]
[EventRounds "7"]
[EventCountry "GER"]
[SourceTitle "CBM 130 Extra"]
[Source "ChessBase"]
[SourceDate "2009.07.02"]
[SourceVersion "2"]
[SourceVersionDate "2009.07.15"]
[SourceQuality "1"]

1. e4 e6 2. d4 d5 3. e5 c5 4. Qg4 Nc6 5. Nf3 h5 6. Qg3 Qb6 7. Bd3 cxd4 8. 0-0 Nh6 9. a3 Be7 10. Bxh6 gxh6 11. Qg7 Rf8 12. Qxh6 Bd7 13. b4 0-0-0 14. Qxh5 Rde8 15. Nbd2 Qd8 16. Nb3 Qb6 17. b5 Na5 18. Nxa5 Qxa5 19. Nxd4 Qc3 20. Nb3 Rh8 21. Qe2 Reg8 22. a4 Qb4 23. Qf3 Qh4 24. h3 Qxh3 25. Qxh3 Rxh3 26. g3 Rgh8 27. Kg2 Rh2+ 28. Kg1 a6 29. bxa6 bxa6 30. Bxa6+ Kb8 31. Rab1 Ka7 32. Bb5 Bc8 33. Rfe1 Bb7 34. Kf1 Bb4 35. Red1 d4 36. Ke2 d3+ 37. cxd3 Bf3+ 38. Kxf3 1-0

[Event "GER-ch Net qual2 U14"]
[Site "Playchess.com INT"]
[Date "2009.05.13"]
[Round "1"]
[White "Golosnyak, Alexander"]
[Black "Miller, Eduard"]
[Result "0-1"]
[WhiteElo "1462"]
[BlackElo "1783"]
[PlyCount "138"]
[EventDate "2009.05.13"]
[EventType "swiss (blitz)"]
[EventRounds "7"]
[EventCountry "GER"]
[SourceTitle "CBM 130 Extra"]
[Source "ChessBase"]
[SourceDate "2009.07.02"]
[SourceVersion "2"]
[SourceVersionDate "2009.07.15"]
[SourceQuality "1"]

1. e4 c5 2. Nf3 d6 3. d4 cxd4 4. Nxd4 Nf6 5. Nc3 g6 6. Be3 Bg7 7. f3 0-0 8. Qd2 Nc6 9. 0-0-0 d5 10. Qe1 e5 11. Nxc6 bxc6 12. exd5 cxd5 13. Bc5 Re8 14. Bb5 Bd7 15. Bxd7 Qxd7 16. Qd2 Qc6 17. Ba3 Rac8 18. Kb1 d4 19. Ne2 Nd5 20. Ng3 Rb8 21. Ne4 f5 22. Nd6 Qa4 23. Ka1 Red8 24. Rb1 e4 25. fxe4 d3 26. cxd3 Qxa3 27. Nc4 Qb4 28. exd5 Qxd2 29. Nxd2 Rxd5 30. Nf3 Rxd3 31. Rhc1 Rd6 32. Rc2 Rdb6 33. a3 Rb3 34. Ka2 a5 35. Nd2 Re3 36. Nf3 a4 37. Re1 Rxe1 38. Nxe1 Rb7 39. Rc8+ Kf7 40. Rc2 g5 41. Nf3 h6 42. Nd2 f4 43. Nc4 Re7 44. Nd6+ Kg6 45. Rc6 Re6 46. Ra6 Be5 47. Rc6 Rxd6 48. Rxd6+ Bxd6 49. b3 axb3+ 50. Kxb3 g4 51. a4 f3 52. gxf3 gxf3 53. a5 f2 54. a6 f1Q 55. a7 Qf8 56. a8Q Qxa8 57. h4 Qh1 58. h5+ Qxh5 59. Kc4 Qg5 60. Kd3 Bf8 61. Kc4 h5 62. Kd3 h4 63. Kc4 h3 64. Kd3 h2 65. Kc4 h1Q 66. Kd3 Qhh4 67. Kc3 Qgg3+ 68. Kd2 Qhh2+ 69. Kd1 Qgg1# 0-1

[Event "NRW-ch U12"]
[Site "Kranenburg"]
[Date "2008.03.27"]
[Round "5"]
[White "Golosnyak, Alexander"]
[Black "Hecht, Carsten"]
[Result "1/2-1/2"]
[WhiteElo "1398"]
[BlackElo "1304"]
[PlyCount "80"]
[EventDate "2008.03.24"]
[EventType "swiss"]
[EventRounds "7"]
[EventCountry "GER"]
[SourceTitle "EXT 2009"]
[Source "ChessBase"]
[SourceDate "2008.11.26"]
[SourceVersion "1"]
[SourceVersionDate "2008.11.26"]
[SourceQuality "1"]

1. e4 e6 2. d4 d5 3. e5 c5 4. c3 Qb6 5. Nf3 Nc6 6. Be2 cxd4 7. cxd4 Nge7 8. Na3 Nf5 9. Nc2 Bd7 10. 0-0 Be7 11. b3 0-0 12. Bb2 Rac8 13. Rc1 f6 14. h3 fxe5 15. dxe5 Bc5 16. Qd2 h6 17. Ba3 Ng3 18. Bxc5 Nxf1 19. Qc3 Ne7 20. Bxb6 Rxc3 21. Ba5 Rcc8 22. Bxf1 Nc6 23. Bb5 Nxe5 24. Bxd7 Nxd7 25. Nfd4 b6 26. Bb4 Rf4 27. Bd2 Rf6 28. Ne2 Ne5 29. Ncd4 Rxc1+ 30. Bxc1 Nd3 31. Be3 e5 32. Nf3 d4 33. Bc1 Re6 34. Ba3 Nc5 35. Bxc5 bxc5 36. Nd2 e4 37. Nc4 Kf7 38. Kf1 g5 39. g4 Rf6 40. Ke1 Ke6 1/2-1/2

[Event "NRW-ch U12"]
[Site "Kranenburg"]
[Date "2008.03.25"]
[Round "2"]
[White "Holtel, Jasper"]
[Black "Golosnyak, Alexander"]
[Result "0-1"]
[WhiteElo "1306"]
[BlackElo "1398"]
[PlyCount "104"]
[EventDate "2008.03.24"]
[EventType "swiss"]
[EventRounds "7"]
[EventCountry "GER"]
[SourceTitle "EXT 2009"]
[Source "ChessBase"]
[SourceDate "2008.11.26"]
[SourceVersion "1"]
[SourceVersionDate "2008.11.26"]
[SourceQuality "1"]

1. e4 e5 2. Nc3 Nc6 3. Nf3 Nf6 4. Bc4 Bc5 5. d3 h6 6. Be3 Bb6 7. 0-0 d6 8. h3 0-0 9. Qd2 Be6 10. Bb3 Nd4 11. Bxd4 Bxd4 12. Nd1 Bb6 13. Ne3 c6 14. Rad1 Re8 15. Qc3 Qd7 16. Qe1 Rac8 17. c3 Bc7 18. Nc2 d5 19. Qe2 Rcd8 20. Rd2 Qd6 21. Rfd1 Qe7 22. Kh1 a6 23. a4 Nh7 24. Ba2 Ng5 25. Nxg5 Qxg5 26. Qe3 Qf6 27. Qe2 d4 28. Bxe6 Qxe6 29. c4 c5 30. Ra1 Rd6 31. Rdd1 Qd7 32. Ne1 Rg6 33. Nf3 Qd6 34. Qc2 Rge6 35. Ne1 Rf8 36. Qd2 f5 37. f3 Bd8 38. Nc2 Bg5 39. Qe2 Bf4 40. Rg1 Rg6 41. Na3 Qf6 42. Nb1 Qg5 43. Qe1 Be3 44. h4 Qf4 45. Rf1 fxe4 46. dxe4 d3 47. Ra3 Rg3 48. Rf2 Qxh4+ 49. Kg1 Bxf2+ 50. Qxf2 Rfxf3 51. Qxf3 Rxf3 52. gxf3 Qe1+ 0-1

[Event "NRW-ch U12"]
[Site "Kranenburg"]
[Date "2008.03.24"]
[Round "1"]
[White "Golosnyak, Alexander"]
[Black "Neumair, Dorian"]
[Result "1-0"]
[WhiteElo "1398"]
[BlackElo "1184"]
[PlyCount "81"]
[EventDate "2008.03.24"]
[EventType "swiss"]
[EventRounds "7"]
[EventCountry "GER"]
[SourceTitle "EXT 2009"]
[Source "ChessBase"]
[SourceDate "2008.11.26"]
[SourceVersion "1"]
[SourceVersionDate "2008.11.26"]
[SourceQuality "1"]

1. e4 e5 2. Nf3 Nc6 3. Bc4 Bc5 4. 0-0 Nf6 5. Nc3 0-0 6. d3 d6 7. h3 h6 8. Be3 Bb6 9. Qd2 Be6 10. Bb3 Qd7 11. Nd5 Bxd5 12. Bxd5 Rab8 13. Bb3 Ne7 14. Rad1 Ng6 15. c3 Rbd8 16. Bxb6 axb6 17. Qe3 Rfe8 18. Rfe1 Nf4 19. Nh4 d5 20. Nf5 c5 21. Qg3 Ng6 22. h4 h5 23. Ne3 d4 24. Qxg6 dxe3 25. Rxe3 Kh8 26. Bxf7 Re7 27. Bb3 Qg4 28. Qxg4 hxg4 29. Rg3 b5 30. a4 bxa4 31. Bxa4 Ra8 32. Bb3 b5 33. f3 gxf3 34. Rxf3 Kh7 35. Bd5 Rc8 36. Ra1 b4 37. cxb4 cxb4 38. Bc4 Kh6 39. Rf5 Nh5 40. Ra5 Nf6 41. Rfxe5 1-0